000 00743nam a22002537a 4500
001 45610
003 UA-OsUOA
005 20241209130650.0
007 ta
008 20111020b un ||||| |||| 00| 0 ukr d
040 _aUA-OsUOA
_bukr
_cUA-OsUOA
_dUA-OsUOA
041 _aukr
080 _a82-1
090 _a82-1
_bВ12
100 _aВагилевич К.
_918158
245 _aТриєдиність
_cК. Вагилевич
260 _c1968
300 _a110 с.
650 7 _a82 Література. Літературознавство
_2UDC
_915
942 _cBK
_2udc
955 _a3
999 _c425686
_d425686